000 00310nam a22001217a 4500
008 160526b xxu||||| |||| 00| 0 eng d
020 _a9780801611216
020 _a0801611210
041 _aeng
080 _a615
245 _aBasic pharmacology for nurses:
_cBruce D. Clayton; Yvonne N. Stock;
942 _2udc
_cBK
999 _c2435
_d2435